000
00278nam a22001337a 4500
008
170801b xxu||||| |||| 00| 0 eng d
020
_a
9780137564125
041
_a
eng
080
_a
004
100
_a
32
101
_a
SHK
245
_a
DATA MINING
_c
GROTH,R
942
_2
udc
_c
BK
999
_c
22368
_d
22368